Soar point (Record no. 80340)

MARC details
000 -LEADER
fixed length control field 00820cab a22002055a 4500
001 - CONTROL NUMBER
control field L144103
008 - FIXED-LENGTH DATA ELEMENTS--GENERAL INFORMATION
fixed length control field 080618e20080613xxk f 000 0 eng d
035 ## - SYSTEM CONTROL NUMBER
System control number (Sirsi) u144103
041 0# - LANGUAGE CODE
Language code of text/sound track or separate title eng
100 1# - MAIN ENTRY--PERSONAL NAME
Personal name Dixon, Marcus
245 00 - TITLE STATEMENT
Title Soar point
260 ## - PUBLICATION, DISTRIBUTION, ETC.
Date of publication, distribution, etc. 2008
490 #0 - SERIES STATEMENT
Series statement Property Week
Volume/sequential designation 73(24) 13 June 2008, 46(1)
520 ## - SUMMARY, ETC.
Summary, etc. Reports that rising costs may undermine the viability of residential tower blocks in the UK. Analyses completions from 17 schemes since January 2006. Suggests that build costs are likely to increase, making such schemes less viable than previously. Comments on the implications of the height of towers and prospects for the market. Tables.
590 ## - LOCAL NOTE (RLIN)
Local note KA
651 #4 - SUBJECT ADDED ENTRY--GEOGRAPHIC NAME
Geographic name United Kingdom
Chronological subdivision
690 ## - LOCAL SUBJECT ADDED ENTRY--TOPICAL TERM (OCLC, RLIN)
Topical term or geographic name as entry element BUILT ENVIRONMENT-BUILDING COSTS
700 1# - ADDED ENTRY--PERSONAL NAME
Personal name Farmer, Mark
942 ## - ADDED ENTRY ELEMENTS (KOHA)
Suppress in OPAC 0
Holdings
Withdrawn status Lost status Source of classification or shelving scheme Damaged status Not for loan Home library Current library Shelving location Date acquired Total Checkouts Full call number Barcode Date last seen Copy number Price effective from Koha item type
    Dewey Decimal Classification     London London Journal article 18/06/2008   L144103 144103-1001 06/08/2019 1 06/08/2019 Journal article